000 01014nam a2200277Ia 4500
001 Para_10414
003 CHAP
008 220125sSept xx 000 0 und d
010 _a209094
040 _cCHAP
090 _aPA CD - TESIS 443
100 _aGarcía López, Samuel
_9129775
245 _aHongos inferiores causantes de la pudrición de la raíz, en el cultivo de brócoli (Brassica oleracea var. Italica), en el Bajío, México /
_c Samuel García López; Director Santos Gerardo Leyva Mir
260 _aChapingo, Méx. :
_b el autor
300 _a1 CDS ROM (61 p.)
502 _aTesis (Ing. Agr. Esp. en Parasitología Agrícola). UACh. Departamento Parasitología Agrícola
700 _aLeyva Mir, Santos Gerardo. Director
_9171335
710 _aUACh Departamento Parasitología Agrícola
901 _aPA CD - TESIS 443
902 _aM
905 _a513220Septiembre,2015 anm 8100000000 06
910 _aSept
942 _cPARA
942 _cPARA
_d2
999 _c209094
_d209094